Kapuma y otras historias /
Guardado en:
| 主要作者: | |
|---|---|
| 格式: | 未知 |
| 語言: | Spanish |
| 出版: |
San José, Costa Rica :
Ediciones Murillo,
1992.
|
| 主題: | |
| 標簽: |
添加標簽
沒有標簽, 成為第一個標記此記錄!
|
MARC
| LEADER | 000000000a22000000004500 | ||
|---|---|---|---|
| 001 | 002793 | ||
| 041 | 0 | |a spa | |
| 082 | 0 | 4 | |a CR868 |b M977k |
| 100 | 1 | |a Murillo Arias, Mauro | |
| 245 | 1 | 0 | |a Kapuma y otras historias / |c Mauro Murillo Arias. |
| 260 | 1 | |a San José, Costa Rica : |b Ediciones Murillo, |c 1992. | |
| 300 | |a 27 páginas | ||
| 650 | 4 | |a LITERATURA COSTARRICENSE | |
| 650 | 4 | |a CUENTOS | |
| 999 | |c 9149 |d 9149 | ||
| 942 | |c BK |h CR868 M977k |2 z | ||
